| 000 | 01493nam a2200313 c 4500 | ||
|---|---|---|---|
| 003 | BLK | ||
| 005 | 20230912124541.0 | ||
| 008 | 180409b bul|||||r ||||||| ||bul|| | ||
| 010 | _aKNG00118545000 | ||
| 040 | _aBLK | ||
| 041 |
_aBUL _cBUL |
||
| 080 |
_aСъпротивление на материалите _b539.3/.6 _x(075.8) _z539.3/.6(075.8) |
||
| 100 | 1 |
_aМанджаков, Стефан П. _eпърви автор _991918 |
|
| 700 | 1 |
_aНеделчев, Стоян П. _eпод общ. ред. на _9312795 |
|
| 139 |
_aСборник от задачи и методически указания по съпротивление на материалите _bС 23 |
||
| 245 | 1 | 0 |
_aСборник от задачи и методически указания по съпротивление на материалите _bЗа студентите от ВТУЗ _cСтефан П. Манджаков; под общ. ред. на Стоян П. Неделчев. |
| 257 | _aBGR | ||
| 260 |
_аСофия _bТехника _c1989 |
||
| 300 |
_a296 с. _bс табл., черт., диагр. _c24 см |
||
| 380 | _a5 | ||
| 500 | _a10 088 тир. | ||
| 650 | 4 |
_aСъпротивление на материалите - задачи - учебници за ВУЗ _9254981 |
|
| 852 | _aЦб 158388 | ||
| 856 | 4 |
_qpdf _u |
|
| 856 | 4 |
_qpdf _u |
|
| 942 |
_cKNG _n0 _02 |
||
| 944 |
_aCR _c18.11.2016 _k30530 _lМинев Младен |
||
| 944 |
_aED _c18.11.2016 _kПравда_Бадева |
||
| 999 |
_c113157 _d113157 |
||